000
00221nam a2200097Ia 4500
008
190216s9999||||xx |||||||||||||| ||und||
100
_a
Abdul Hasan Ali Nadiri
245
0
_a
Al-Qiraathul Rasheeda
260
_b
Null
942
_c
BK
999
_c
113
_d
113